000 00636nam a2200169 i 4500
001 121135
003 ES-MaACL
005 20230906191709.0
007 t|
008 070214s1907 sp r ||||1| spa d
100 1 _aPons Fábregues, M.
_993010
245 1 0 _aNueva cartilla del apicultor
_b: breves nociones sobre el cultivo de las abejas con arreglo a los métodos modernos : seguidas de la fabricación de la cera estampada : y la Colmena Badant modificada /
_cM. Pons Fábregues.
260 _aBarcelona :
_b[s.n.],
_c1907.
300 _a142 p. :
_bil. ;
_c20 cm.
650 0 4 _aApicultura.
_99918
852 _aES-MaACL
_jT-1425-F-5
999 _c121135
_d121135